عسكرة التعليم فى إسرائيل / (Record no. 8172)
[ view plain ]
| 000 -الفاتح | |
|---|---|
| حقل البيانات ثابتة الطول | 01081nac a22001931u 4500 |
| 008 - عناصر البيانات ثابتة الطول - معلومات عامة | |
| حقل البيانات ثابتة الطول | 101111s2007 xxu||||| |||| 00| 0 ara d |
| 082 ## - رقم تصنيف ديوى العشرى | |
| رقم التصنيف | 370.95694 |
| رقم المادة | ع س ك |
| 245 ## - بيان العنوان | |
| العنوان | عسكرة التعليم فى إسرائيل / |
| بيان المسئوليه,etc | تحرير حجيت جور ؛ ترجمة وتعليق يحيى محمد عبد الله إسماعيل |
| 260 ## - PUBLICATION, DISTRIBUTION, ETC. (IMPRINT) | |
| مكان الناشر او الموزع | القاهرة : |
| اسم الناشر او الموزع | مركز الدراسات الشرقية ،2007 |
| تاريخ النشر أو التوزيع | 2007. |
| 300 ## - الوصف المادى | |
| التعداد | 148 ص ؛ |
| تفاصيل ماديه اخرى للوعاء | ايض : |
| أبعاد الوعاء | 24 سم. |
| 490 #0 - بيان السلسلة | |
| -- | 21169 |
| عنوان السلسلة | ؛ سلسلة الدراسات الدينية والتاريخية |
| -- | 34 |
| 504 ## - تبصرة ببليوجرافية | |
| تبصرة ببليوجرافية,الخ | يشتمل على إرجاعات ببليوجرافية |
| 511 ## - | |
| -- | Catalogued by: Sara |
| 650 ## - المدخل الاضافى بالموضوع-مصطلح موضوعى | |
| مصطلح موضوعي أو اسم جغرافي كعنصر مدخل | التعليم |
| 9 (RLIN) | 21170 |
| التقسيم الفرعي الجغرافي | إسرائيل |
| 700 ## - المدخل الاضافى - اسم شخصى | |
| الإسم الشخصى | جور ، حجيت |
| 9 (RLIN) | 21168 |
| الدور | تحرير |
| 700 ## - المدخل الاضافى - اسم شخصى | |
| الإسم الشخصى | إسماعيل ، يحيى محمد عبد الله |
| 9 (RLIN) | 21171 |
| الدور | ترجمة وتعليق |
| 942 ## - عناصر المدخل الإضافي( كوها) | |
| Koha [default] item type | Book - Borrowing |
| سابقة رقم الطلب | 370 ع س ك |
| مصدر التصنيف او مخطط الترفيف | Dewey Decimal Classification |
| حالة التراجع | حالة الفقد | مصدر التصنيف او خطة الترفيف | حالة تلف | ليس للاعارة | مجموعات كوها | المكان الدائم | المكان الحالي | موقع الترفيف | تاريخ الاكتساب | Source of acquisition | رقم الاستدعاء | الباركود | Date last seen | التكلفة | نوع الوعاء |
|---|---|---|---|---|---|---|---|---|---|---|---|---|---|---|---|
| Dewey Decimal Classification | Central Library | Central Library | First floor | 14/12/2010 | 370.5694 ج و ر | 000010079 | 15/07/2025 | 25.00 | Book - Borrowing |